Uhakiki wa tamthilia: (Record no. 16297)
[ view plain ]
| 000 -LEADER | |
|---|---|
| fixed length control field | 00564nam a22001937a 4500 |
| 003 - CONTROL NUMBER IDENTIFIER | |
| control field | OSt |
| 005 - DATE AND TIME OF LATEST TRANSACTION | |
| control field | 20220304065314.0 |
| 008 - FIXED-LENGTH DATA ELEMENTS--GENERAL INFORMATION | |
| fixed length control field | 160202b xxu||||| |||| 00| 0 eng d |
| 020 ## - INTERNATIONAL STANDARD BOOK NUMBER | |
| International Standard Book Number | 9966221522 |
| 040 ## - CATALOGING SOURCE | |
| Transcribing agency | MMU |
| Original cataloging agency | MMU |
| Language of cataloging | eng |
| Modifying agency | MMU |
| 050 ## - LIBRARY OF CONGRESS CALL NUMBER | |
| Classification number | PL8703.5 .W34 1999 |
| 100 ## - MAIN ENTRY--PERSONAL NAME | |
| Personal name | Wafula, Richard M |
| 245 ## - TITLE STATEMENT | |
| Title | Uhakiki wa tamthilia: |
| Remainder of title | Historia na maendeleo yake/ |
| Statement of responsibility, etc. | Richard wafula. |
| 260 ## - PUBLICATION, DISTRIBUTION, ETC. (IMPRINT) | |
| Place of publication, distribution, etc. | Nairobi : |
| Name of publisher, distributor, etc. | Jomo Kenyatta Foundation, |
| Date of publication, distribution, etc. | 1999. |
| 300 ## - PHYSICAL DESCRIPTION | |
| Extent | 202 p. : |
| 500 ## - GENERAL NOTE | |
| General note | Includes Bibliography and index |
| 650 ## - SUBJECT ADDED ENTRY--TOPICAL TERM | |
| Topical term or geographic name as entry element | Kiswahili Drama |
| 942 ## - ADDED ENTRY ELEMENTS (KOHA) | |
| Source of classification or shelving scheme | Library of Congress Classification |
| Koha item type | L |
| Withdrawn status | Lost status | Source of classification or shelving scheme | Damaged status | Not for loan | Home library | Current library | Date acquired | Source of acquisition | Cost, normal purchase price | Total Checkouts | Full call number | Barcode | Date last seen | Date last checked out | Price effective from | Koha item type |
|---|---|---|---|---|---|---|---|---|---|---|---|---|---|---|---|---|
| Library of Congress Classification | Maasai Mara University Library -Main Campus | Maasai Mara University Library -Main Campus | 02/02/2016 | Purchased | 280.00 | 2 | PL8703.5 .W34 1999 | 20104478 | 03/04/2022 | 03/03/2022 | 02/02/2016 | SL | ||||
| Library of Congress Classification | Maasai Mara University Library -Main Campus | Maasai Mara University Library -Main Campus | 03/23/2016 | Purchased | 280.00 | 13 | PL8703.5 .W34 1999 | 20104479 | 03/22/2023 | 03/06/2023 | 03/23/2016 | L | ||||
| Library of Congress Classification | Maasai Mara University Library -Main Campus | Maasai Mara University Library -Main Campus | 07/18/2016 | Purchased | 5 | PL8703.5 .W34 1999 | 20102404 | 11/09/2018 | 11/09/2018 | 07/18/2016 | SL | |||||
| Library of Congress Classification | Maasai Mara University Library -Main Campus | Maasai Mara University Library -Main Campus | 07/18/2016 | Purchased | 7 | PL8703.5 .W34 1999 | 20102403 | 04/02/2026 | 04/01/2026 | 07/18/2016 | SL | |||||
| Library of Congress Classification | Maasai Mara University Library -Main Campus | Maasai Mara University Library -Main Campus | 07/18/2016 | Purchased | 6 | PL8703.5 .W34 1999 | 20102542 | 03/21/2022 | 03/17/2022 | 07/18/2016 | SL |